000 00461nam a2200181Ia 4500
999 _c31882
_d31882
003 OSt
005 20250529143739.0
008 250310s9999||||xx |||||||||||||| ||und||
020 _a978-1-444-74014-1
040 _c.
082 _a813.54
_bG8695
100 _95876
_aGrisham, John
245 0 _aThe Litigators /
_cJohn Grisham
260 _aLondon :
_bHodder & Stoughton Ltd,
_c2011.
300 _a436 p.
650 0 _92052
_aAmerican Fiction
942 _cBK
_2ddc